| 000 | 00992nam a22003137a 4500 | ||
|---|---|---|---|
| 003 | CHAP | ||
| 005 | 20250130101705.0 | ||
| 008 | 971013s1984 us a r 00010 eng d | ||
| 010 | _a70264 | ||
| 011 | _a71236 | ||
| 035 | _a80790 | ||
| 040 | _cCHAP | ||
| 082 | 0 | 4 |
_a636.213 _bB3 |
| 100 | 0 | 0 |
_aBaker, Frank H. _eed. _99542 |
| 245 | 1 | _aBeef cattle science handbook | |
| 260 |
_aBoulder, Colorado: _bWestview, _c1984 |
||
| 300 |
_a807 p. _b: ilus |
||
| 490 |
_aInternational stockmen's school handbook _v; 20 |
||
| 590 |
_aBATCH-UPD _b10 _c20130110 _lUCH01 _h0353 |
||
| 590 |
_aBATCH-UPD _b10 _c20130110 _lUCH01 _h1912 |
||
| 590 |
_aCONVERSION _b10 _c20130109 _lUCH01 _h1339 |
||
| 650 | 1 | 4 |
_aGanado de carne. _945067 |
| 650 | 1 | 4 |
_aGanado vacuno. _945425 |
| 700 | 1 |
_aMiller, Mason E. _eed. _975791 |
|
| 830 | 0 |
_aInternational stockmen's school handbook _v; 20 _959840 |
|
| 901 | _aBK | ||
| 942 | _cLIBRO | ||
| 949 |
_a636.213 B3 _bBC _cLIBRO _d33724000097184 _eLIBRO _gI. 123501 _h63482 _i80790 _si _t8.46 |
||
| 999 |
_c70264 _d70264 |
||